Best limited fish in Fisch - Statistics

General Stats
  • This quiz has been taken 9 times
  • The average score is 6 of 20
Answer Stats
Hint Answer % Correct
Fischfright Nessie
100%
Fischmas Northstar Serpent
63%
Fischgiving Turkey
63%
Golden Tide Eternal Frostwhale
50%
Ancient Isle (add-on) Phantom Megalodon
50%
Anniversary Birthday Megalodon
38%
Fischfright 2 Skeletal Nessie
38%
Ashfall Ashcloud Archerfish
25%
The Hunt:Mega Edition (All fish are equal, just answer with every) Every
25%
Smurfs Movie Event Papa Smurf
25%
Archeological Site Ancient Serpent Skull
13%
Winter's Edge Crystal Carp
13%
Jurassic World Event Jurassic Mosasaurus
13%
Valentine's Day Lovestorm Eel Supercharged
13%
Animal Event (Second Sea) Octophant
13%
Lucky Event Rowdy McCharm
13%
Fischfest Sandslasher
13%
Animal Event Seacow
13%
LEGO Event Tentabrick
13%
Cult's Curse The Whispering One
13%
No matching quizzes found
Score Distribution
Percent of People with Each Score
Percentile by Number Answered
Your Score History
You have not taken this quiz